[Event "HUN-chT"]
[Site "HUN"]
[Date "1992.??.??"]
[Round "?"]
[White "Szabolcsi, Janos"]
[Black "Kormanyos, Zoltan"]
[Result "1-0"]
[WhiteElo "2380"]
[BlackElo "2315"]

1.d4 Nf6 2.c4 e6 3.Nf3 b6 4.a3 Bb7 5.Nc3 d5 6.cxd5 exd5 7.g3 Be7 8.Qa4+ c6
9.Ne5 Nfd7 10.Nxd7 Nxd7 11.Bh3 Nf6 12.O-O O-O 13.f3 c5 14.Be3 Re8 15.Rad1 a6
16.Qc2 Bc8 17.Bg2 Be6 18.Bf2 cxd4 19.Bxd4 Qc7 20.Kh1 b5 21.Rc1 Rac8 22.f4 g6
23.Qd2 Qd7 24.Rcd1 Ne4 25.Nxe4 dxe4 26.Bxe4 Bb3 27.Be5 Qxd2 28.Rxd2 f6 29.Bc3 Bxa3
30.Bb7 Rb8 31.Bc6 Re6 32.Bd7 Rd6 33.Rxd6 Bxd6 34.Ra1 Bd5+ 35.Kg1 Bc5+ 36.Kf1 Rd8
37.Bh3 Rd6 38.Bc8 Bc4 39.b4 Be3 40.Rxa6 Rd1+ 41.Kg2 Bd4 42.Bxd4 Rxd4 43.Kf2 f5
44.Ra8 Kg7 45.Ra7+ Kf6 46.Rd7 Re4 47.e3 h6 48.Kf3 h5 49.Bb7 Re8 50.Bd5 Re7
51.Rd6+ Kg7 52.Bxc4 bxc4 53.Rc6 Re4 54.b5 c3 55.Rxc3 Rb4 56.Rc5 Rb2 57.h3 Kf7
58.g4 hxg4+ 59.hxg4 Kf6 60.Rc6+ Kf7 61.b6 fxg4+ 62.Kxg4  1-0

[Event "HUN-chT"]
[Site "HUN"]
[Date "1992.??.??"]
[Round "?"]
[White "Czebe, Attila"]
[Black "Csonkics, Tunde"]
[Result "0-1"]
[WhiteElo "2275"]
[BlackElo "2315"]

1.d4 Nf6 2.c4 e6 3.Nf3 b6 4.a3 Bb7 5.Nc3 d5 6.cxd5 Nxd5 7.Qc2 Nxc3 8.bxc3 c5
9.e4 Nd7 10.Bb5 a6 11.Bxd7+ Qxd7 12.O-O cxd4 13.cxd4 Bd6 14.Rb1 b5 15.Qd3 O-O
16.e5 Be7 17.Ng5 Bxg5 18.Bxg5 Rfc8 19.Rbd1 Rc4 20.Qg3 Kh8 21.Qg4 Qd5 22.Rfe1 Rac8
23.Rd3 Rc3 24.Rxc3 Rxc3 25.Bf6 gxf6 26.exf6 Qxg2+ 27.Qxg2 Bxg2 28.Kxg2 h6
29.a4 bxa4 30.Rb1 Kh7 31.Rb4 Ra3 32.Rb6 Rd3 33.Rb4 a3 34.Ra4 Kg6 35.Rxa6 Kf5
36.Ra7 Kxf6 37.Ra5 Kg6 38.Ra6 h5 39.Ra5 h4 40.h3 f6 41.Ra6 Kf5 42.Ra4 Ke4
43.Ra6 Kxd4 44.Rxe6 Kc3  0-1

[Event "Hyeres op"]
[Site "Hyeres"]
[Date "1992.??.??"]
[Round "?"]
[White "Shevelev, Sergei"]
[Black "Farago, Ivan"]
[Result "1/2-1/2"]
[WhiteElo "2415"]
[BlackElo "2510"]

1.d4 e6 2.c4 Nf6 3.Nf3 b6 4.a3 Ba6 5.Qc2 Bb7 6.Nc3 c5 7.dxc5 bxc5 8.Bf4 Be7
9.Rd1 O-O 10.e3 Qb6 11.Be2 d6 12.O-O h6 13.h3 Nbd7 14.Nb5 e5 15.Bh2 Ne4 16.Nd2 Ndf6
17.Bd3 a6 18.Nxe4 Nxe4 19.Bxe4  1/2-1/2

[Event "Iraklion op"]
[Site "Iraklion"]
[Date "1992.??.??"]
[Round "2"]
[White "Khenkin, Igor"]
[Black "Kalesis, Nikolaos"]
[Result "1-0"]
[WhiteElo "2530"]
[BlackElo "2315"]

1.d4 Nf6 2.c4 e6 3.Nf3 b6 4.a3 Ba6 5.Qc2 Bb7 6.Nc3 c5 7.dxc5 bxc5 8.Bf4 d6
9.Rd1 Qb6 10.e3 Be7 11.Be2 O-O 12.O-O Rd8 13.Rd2 Nbd7 14.Rfd1 Nf8 15.Ng5 Ng6
16.Bg3 Ne8 17.h4 Rab8 18.Nce4 Nf8 19.Bh5 g6 20.Bf3 f5 21.Nc3 Bxf3 22.Nxf3 Nf6
23.Bf4 Kg7 24.e4 e5 25.Bg5 f4 26.Qa4 N8d7 27.Nd5 Nxd5 28.Bxe7 Nxe7 29.Rxd6 Qxb2
30.Rxd7 Rxd7 31.Qxd7 Kf8 32.Qe6 Qb6 33.Qxe5 Re8 34.Ng5  1-0

[Event "Iraklion op"]
[Site "Iraklion"]
[Date "1992.??.??"]
[Round "4"]
[White "Dobrev, Nanko"]
[Black "Tompa, Janos"]
[Result "1/2-1/2"]
[WhiteElo "2405"]
[BlackElo "2415"]

1.d4 Nf6 2.Nf3 e6 3.c4 b6 4.a3 Bb7 5.Nc3 d5 6.cxd5 exd5 7.Bg5 Be7 8.b4 c6
9.e3 Nbd7 10.Bd3 a5 11.b5 c5 12.O-O Ne4 13.Bxe4 dxe4 14.dxc5 exf3 15.Bxe7 Qxe7
16.c6 fxg2 17.Re1 Nf6 18.e4 Bc8 19.Nd5 Qe5 20.f4 Qd6 21.Qd4 O-O 22.Nxf6+ Qxf6
23.Qxb6 Qxf4 24.Qc5 Bh3 25.b6 Rae8 26.e5 Rc8 27.c7 a4 28.Rac1 Qf3 29.Qc6 Qd3
30.Qc3 Qa6 31.Qc6 Bd7 32.Qc5 Qb7 33.Red1 Bg4 34.Rd4 Qf3 35.Qc3 Qb7 36.Rxg4 Qxb6+
37.Kxg2 Qb7+ 38.Kh3 g6 39.Rxa4 Qd5 40.Rf4 Rfe8 41.Re1 Qd7+ 42.e6 Rxe6 43.Rxe6 Qxe6+
44.Kg2 Qd5+ 45.Kf2 Qd6 46.Rc4 Qxh2+ 47.Kf1 Qh1+ 48.Kf2 Qh2+ 49.Kf1 Qh1+  1/2-1/2

[Event "Ireland-Wales"]
[Site "IRL"]
[Date "1992.??.??"]
[Round "?"]
[White "Short, Philip M"]
[Black "James, David"]
[Result "1/2-1/2"]
[WhiteElo "2310"]
[BlackElo "2275"]

1.d4 Nf6 2.c4 e6 3.Nf3 b6 4.a3 Ba6 5.Qc2 Bb7 6.Nc3 c5 7.dxc5 Bxc5 8.b4 Be7
9.e4 a5 10.bxa5 Rxa5 11.Be2 Bb4 12.O-O Bxc3 13.Qxc3 Bxe4 14.Bb2 O-O 15.Rad1 d5
16.Ne5 Qc8 17.Qg3 Bg6 18.Rc1 Ne4 19.Qf4 Qd8 20.h4 Qf6 21.Nxg6 Qxg6 22.cxd5 exd5
23.Bd3 Qe6 24.Rfe1 Nd7 25.Bxe4 dxe4 26.Rxe4 Qf5 27.Qe3 Rd5 28.Re8 Nc5 29.Re1 Qd7
30.Qg3 Ne6 31.Rxf8+ Kxf8 32.Qb3 Qd6 33.a4 Rd3 34.Qc2 Qd8 35.g3 h6  1/2-1/2

[Event "JUG-ch"]
[Site "Kladovo"]
[Date "1992.??.??"]
[Round "9"]
[White "Petronic, Jovan"]
[Black "Pavlovic, Dragoljub"]
[Result "1-0"]
[WhiteElo "2420"]
[BlackElo "2360"]

1.d4 Nf6 2.c4 e6 3.Nf3 b6 4.a3 Bb7 5.Nc3 d5 6.cxd5 exd5 7.g3 Bd6 8.Bg2 O-O
9.O-O Nbd7 10.Nb5 Be7 11.Bf4 c6 12.Nd6 Bxd6 13.Bxd6 Re8 14.Rc1 Ne4 15.Bf4 c5
16.dxc5 bxc5 17.b4 cxb4 18.axb4 Rc8 19.Qd4 Nb6 20.Rxc8 Bxc8 21.Ra1 a6 22.Rd1 Bb7
23.Nd2 Nxd2 24.Bxd2 f6 25.b5 Nc4 26.bxa6 Bc6 27.Bc3 Qa8 28.Bxd5+ Bxd5 29.Qxd5+ Qxd5
30.Rxd5 Ra8 31.Rc5 Nd6 32.Rc6 Nb5 33.Bb2 Kf8 34.e3 Ke8 35.Rb6 Nc7 36.Rb7 Kd8
37.Bd4 Kc8 38.Bb6 Nb5 39.Bc5 Nc7 40.Bd6 Ne8 41.Rb6 Nxd6 42.Rxd6 Rb8 43.Rc6+ Kd7
44.Rc1 Ra8 45.Ra1 Ra7 46.Kg2 Kc7 47.h4 Kb8 48.Rb1+ Kc7 49.Rb7+ Rxb7 50.axb7 Kxb7
51.Kf3 Kc6 52.Ke4 Kd6 53.g4 Ke6 54.Kf4 g6 55.Ke4 h6 56.h5 g5 57.f3 f5+ 58.Kd4  1-0

[Event "Kobanya op"]
[Site "Kobanya op"]
[Date "1992.??.??"]
[Round "11"]
[White "Bagaturov, Giorgi"]
[Black "Lisenko, Alexander V"]
[Result "1/2-1/2"]
[WhiteElo "2420"]
[BlackElo "2360"]

1.d4 Nf6 2.Nf3 b6 3.c4 e6 4.a3 Bb7 5.Nc3 d5 6.cxd5 exd5 7.Qa4+ c6 8.g3 Be7
9.Bg2 O-O 10.O-O Nbd7 11.Bf4 Re8 12.Rfd1 Nh5 13.Be3 Bd6 14.Bg5 Nhf6 15.Bh3 Nf8
16.e4 h6 17.Bxf6 Qxf6 18.Nd2 b5 19.Qc2 Qxd4 20.exd5 Qb6 21.Nde4 Rad8 22.dxc6 Qxc6
23.Bg2 Be5 24.Rxd8 Rxd8 25.Rc1 Qb6 26.Qb3 a6 27.Rd1  1/2-1/2

[Event "Ladenburg AT"]
[Site "Ladenburg"]
[Date "1992.??.??"]
[Round "8"]
[White "Schneider, Attila"]
[Black "Roederer, Kai"]
[Result "0-1"]
[WhiteElo "2375"]
[BlackElo "2270"]

1.d4 Nf6 2.c4 e6 3.Nf3 b6 4.a3 Bb7 5.Nc3 Be7 6.Qc2 d5 7.e3 c5 8.dxc5 Bxc5
9.b4 Be7 10.Bb2 Nbd7 11.Rd1 Rc8 12.Qb3 dxc4 13.Bxc4 Qc7 14.Be2 O-O 15.O-O Ne5
16.Nxe5 Qxe5 17.Nd5 Bxd5 18.Qa4 Qg5 19.g3 Qf5 20.Rfe1 Qh3 21.Bf1 Qh5 22.Rd4 Qf3  0-1

[Event "Las Vegas op"]
[Site "Las Vegas"]
[Date "1992.??.??"]
[Round "?"]
[White "Radomskyj, Peter"]
[Black "Shtern, Igor"]
[Result "1-0"]
[WhiteElo "2240"]
[BlackElo "2275"]

1.d4 Nf6 2.c4 e6 3.Nf3 b6 4.a3 c5 5.d5 exd5 6.cxd5 g6 7.Nc3 Bg7 8.Bg5 O-O
9.e4 d6 10.Be2 h6 11.Bf4 Re8 12.Nd2 a6 13.a4 Ra7 14.O-O Rae7 15.Bf3 g5 16.Bg3 g4
17.Be2 Kh8 18.Nc4 Rxe4 19.Nxd6  1-0

[Event "Lippstadt"]
[Site "Lippstadt"]
[Date "1992.??.??"]
[Round "?"]
[White "Boensch, Uwe"]
[Black "Arkhipov, Sergey"]
[Result "1/2-1/2"]
[WhiteElo "2490"]
[BlackElo "2485"]

1.d4 Nf6 2.c4 e6 3.Nf3 b6 4.a3 c5 5.d5 Ba6 6.e3 exd5 7.cxd5 Bxf1 8.Kxf1 g6
9.Nc3 Bg7 10.e4 O-O 11.h3 d6 12.Bf4 Re8 13.Qd3 a6 14.g4 b5 15.Nd2 Qb6 16.a4 c4
17.Qe3 Qxe3 18.Bxe3 b4 19.Ne2 c3 20.bxc3 Nxe4 21.Nxe4 Rxe4 22.Rc1 Nd7 23.cxb4 Rxb4
24.Rc7 Nb6 25.Bxb6 Rxb6 26.Kg2 Re8 27.Ng3 Bd4 28.Rc6 a5 29.Rxb6 Bxb6 30.Kf3 Bd4
31.Ne4 Be5 32.Rb1 f5 33.gxf5 gxf5 34.Ng3 Bxg3 35.fxg3 Re4 36.Rb6  1/2-1/2

[Event "Ljubljana op"]
[Site "Ljubljana"]
[Date "1992.??.??"]
[Round "9"]
[White "Ostojic, Nikola"]
[Black "Podlesnik, Bogdan"]
[Result "1-0"]
[WhiteElo "2365"]
[BlackElo "2370"]

1.d4 Nf6 2.c4 e6 3.Nf3 b6 4.a3 Bb7 5.Nc3 g6 6.Qc2 Bg7 7.Bg5 h6 8.Bh4 d6 9.Rd1 g5
10.Bg3 Nh5 11.d5 O-O 12.dxe6 fxe6 13.e3 Qf6 14.Bd3 Nd7 15.O-O Nxg3 16.hxg3 Ne5
17.Nxe5 Qxe5 18.Rd2 Rad8 19.Rfd1 h5 20.Bh7+ Kh8 21.Be4 c6 22.Qa4 d5 23.cxd5 exd5
24.Bg6 g4 25.Ne2 Rf6 26.Nf4 Bh6 27.Bb1 Rg8 28.Qxa7 Qc7 29.Nxh5 Ra8 30.Qxa8+ Bxa8
31.Nxf6 Qg7 32.Nh5 Qe5 33.Nf4 Kg8 34.Ng6 Qe6 35.Rd4 c5 36.Bf5 Qf6 37.Ra4 Bc6
38.Rxg4 Kf7 39.Nh4 Bg5 40.Bc8 Bxh4 41.Rf4 Qxf4 42.gxf4 Bf6 43.Rd2  1-0

[Event "Manila ol (Men)"]
[Site "Manila"]
[Date "1992.??.??"]
[Round "?"]
[White "Eingorn, Vereslav S"]
[Black "Van der Wiel, John TH"]
[Result "1/2-1/2"]
[WhiteElo "2580"]
[BlackElo "2540"]

1.d4 Nf6 2.Nf3 e6 3.c4 b6 4.a3 Bb7 5.Nc3 d5 6.cxd5 Nxd5 7.Bd2 Nd7 8.Nxd5 exd5
9.b4 Bd6 10.Bg5 f6 11.Bh4 c5 12.Bg3 Be7 13.dxc5 bxc5 14.e3 cxb4 15.Bd3 Nc5
16.Bb5+ Kf7 17.axb4 Ne4  1/2-1/2

[Event "Manila ol (Women)"]
[Site "Manila"]
[Date "1992.??.??"]
[Round "?"]
[White "Saritha, M Reddy"]
[Black "Koskela, Niina"]
[Result "1/2-1/2"]
[WhiteElo "2155"]
[BlackElo "2125"]

1.d4 Nf6 2.c4 e6 3.Nf3 b6 4.a3 Bb7 5.Nc3 d5 6.cxd5 exd5 7.Qa4+ c6 8.g3 Be7
9.Bg2 O-O 10.O-O Re8 11.Rd1 Bd6 12.Qc2 Nbd7 13.b4 Qe7 14.Bb2 Rac8 15.Nh4 g6
16.Qd3 Ne4 17.e3 Qe6 18.Rac1 Ndf6 19.Ne2 Rc7 20.Re1 Qc8 21.Nc3 Nxc3 22.Bxc3 Ba6
23.Qd1 Ne4 24.Bb2 Qd7 25.Nf3 f6 26.Nd2 f5 27.Nf3 Qe7 28.Bf1 Bxf1 29.Kxf1 Nf6
30.Re2 Qe4 31.Rec2 Rec8 32.Kg1 Ng4 33.Ng5 Qe7 34.Nf3 Qe4 35.Ng5 Qe7 36.Nf3 Qe4
37.Ng5  1/2-1/2

[Event "Manila ol (Men)"]
[Site "Manila"]
[Date "1992.??.??"]
[Round "?"]
[White "De Guzman, Ricardo"]
[Black "Gamboa, Nelson"]
[Result "0-1"]
[WhiteElo "2390"]
[BlackElo "2405"]

1.d4 Nf6 2.Nf3 e6 3.c4 b6 4.a3 Bb7 5.Nc3 d5 6.g3 dxc4 7.Qa4+ Nbd7 8.Bg2 c5
9.Qxc4 cxd4 10.Qxd4 Bc5 11.Qa4 O-O 12.O-O a6 13.Bg5 h6 14.Bxf6 Nxf6 15.Ne5 Bxg2
16.Kxg2 Qc7 17.Nf3 b5 18.Qf4 Bd6 19.Qe3 Rac8 20.Rfd1 Bc5 21.Qf4 Qb6 22.e3 Qb7
23.Kg1 Rfd8 24.Nd4 Qe7 25.Nde2 e5 26.Qf5 g6 27.Qc2 Qb7 28.Rxd8+ Rxd8 29.Rd1 Rxd1+
30.Qxd1 Kg7 31.Nc1 h5 32.Nd3 Bd6 33.Ne1 Qc6 34.Nf3 Bxa3 35.Nxe5 Qe8 36.Nd3 Bd6
37.Qf3 Qe6 38.Qc6 Be7 39.Qxe6 fxe6 40.Ne2 Bd6 41.f4 Ne4 42.Kg2 Kf6 43.Nd4 Nc5
44.Nb4 e5 45.fxe5+ Kxe5 46.Kf3 Bf8 47.h4 Bh6 48.Nbc6+ Kd6 49.Nb4 Bg7 50.Kf4 Bf6
51.Kf3 a5 52.Nxb5+ Kd7 53.Nc2 Bxb2 54.Kf4 Ne6+ 55.Ke4 Kc6 56.Na7+ Kc5 57.Nc8 Bf6
58.Kd3 a4 59.Na7 Be5 60.Nc8 Bxg3 61.Ne7 Nf8 62.Ke4 Bxh4 63.Nd5 Bd8 64.Ke5 h4
65.Nf4 Kc4 66.Ke4 Bc7 67.Nh3 Kc3 68.Nd4 a3 69.Nb5+ Kb2 70.Nxa3 Kxa3 71.Kd5 Bd8
72.e4 g5 73.Nf2 Bb6 74.Ng4 h3 75.e5 Bg1 76.e6 Nxe6  0-1

[Event "Manila ol (Women)"]
[Site "Manila"]
[Date "1992.??.??"]
[Round "?"]
[White "Saritha, M Reddy"]
[Black "Csonkics, Tunde"]
[Result "0-1"]
[WhiteElo "2155"]
[BlackElo "2345"]

1.d4 Nf6 2.c4 e6 3.Nf3 b6 4.a3 Bb7 5.Nc3 d5 6.cxd5 Nxd5 7.Qc2 Nxc3 8.Qxc3 h6
9.Bf4 Bd6 10.Bg3 O-O 11.e3 Nd7 12.Be2 Nf6 13.Qc2 Rc8 14.Rd1 Bxg3 15.hxg3 Qe7
16.Qa4 a6 17.O-O c5 18.dxc5 Rxc5 19.Rd2 b5 20.Qb4 Qc7 21.Rfd1 Bd5 22.Ne1 Ne4
23.Rd3 a5 24.Qd4 Rc4 25.Rc3 Nxc3 26.Bxc4 Nxd1 27.Bxd5 Qc1 28.Nd3 Qb1 29.Be4 Nxe3+
30.Kh2 Ng4+ 31.Kh3 f5  0-1

[Event "Manila ol (Women)"]
[Site "Manila"]
[Date "1992.??.??"]
[Round "?"]
[White "Kunte, Mrunalini"]
[Black "Lucia, M."]
[Result "1/2-1/2"]
[WhiteElo "2090"]
[BlackElo "2070"]

1.d4 Nf6 2.Nf3 e6 3.c4 b6 4.a3 Ba6 5.Qc2 c5 6.e4 cxd4 7.e5 Ng8 8.Nxd4 Qc7
9.Bf4 Bc5 10.Nf3 Bb7 11.Nc3 a6 12.Ne4 Bxe4 13.Qxe4 Qc6 14.Bd3 f5 15.Qe2 Ne7
16.h4 a5 17.Rd1 Qb7 18.O-O Nbc6 19.Be3 Bxe3 20.Qxe3 O-O 21.Be2 Qc7 22.Rd6 Rad8
23.Rfd1 Nc8 24.R6d2 Rfe8 25.c5 bxc5 26.Qxc5 Qb6 27.Qc2 Qa7 28.Bb5 N8e7 29.Rd6 Nc8
30.R6d2 N8e7 31.Bc4 Ng6 32.Qxf5 Rf8 33.Bxe6+ Kh8 34.Qe4 Rf4 35.Qe2 dxe6 36.Rxd8+ Nxd8
37.Rxd8+ Rf8 38.Rxf8+ Nxf8 39.Qb5 Qc7 40.g3 h6 41.b4 axb4 42.axb4 Kg8 43.Kg2 Kf7
44.Qa5 Qb7 45.b5 Nd7 46.Qa6 Qd5 47.Qc6 Ke7 48.Qxd5 exd5 49.Kf1 Ke6 50.Ke2 d4
51.Kd3 Kd5 52.Nxd4 Nxe5+ 53.Kc3 g6 54.Nb3 Ng4 55.f4 Nf6 56.Kd3 Nh5 57.Ke3 Nxg3
58.Kf3 Nf5 59.Kg4 Ne3+ 60.Kg3 h5 61.Kh3 Nf5 62.Nd2 Kc5 63.Nf3  1/2-1/2

[Event "Manila ol (Women)"]
[Site "Manila"]
[Date "1992.??.??"]
[Round "?"]
[White "De Vries, Sylvia"]
[Black "Jahn, Constanze"]
[Result "1-0"]
[WhiteElo "2180"]
[BlackElo "2210"]

1.d4 Nf6 2.c4 e6 3.Nf3 b6 4.a3 Bb7 5.Nc3 Be7 6.d5 O-O 7.e3 d6 8.Be2 e5 9.e4 Nbd7
10.b4 a5 11.Rb1 axb4 12.axb4 Ba6 13.O-O Ne8 14.Qc2 g6 15.Ra1 Ng7 16.Ra2 f5
17.Ba3 Nf6 18.Nd2 fxe4 19.Ndxe4 Nf5 20.Rfa1 Nd4 21.Qd1 Bc8 22.Bc1 Rxa2 23.Rxa2 Nxe4
24.Nxe4 Nxe2+ 25.Qxe2 Bf5 26.b5 Qe8 27.f3 Kg7 28.Qe3 Qf7 29.Ra7 Bxe4 30.Qxe4 Bd8
31.Be3 Qe8 32.Bxb6 Rf4 33.Qe2 Rf7 34.Be3 Bf6 35.Qd3 Re7 36.Qe4 Qf7 37.Ra8 Re8
38.Ra2 Re7 39.Ra8 Re8 40.Ra1 Re7 41.Ra6 Qe8 42.Bd2 Qd8 43.g4 h6 44.Kg2 Rf7
45.Be1 Bg5 46.Bg3 Bf4 47.Bf2 Bg5 48.Bg3 Bf4 49.c5 Qe8 50.cxd6 Qxb5 51.d7 Qxd7
52.Qxg6+ Kf8 53.Ra8+ Ke7 54.Bh4+ Bg5 55.Bxg5+ hxg5 56.Qxg5+ Kd6 57.Rd8  1-0

[Event "Manila ol (Men)"]
[Site "Manila"]
[Date "1992.??.??"]
[Round "?"]
[White "Lobron, Eric"]
[Black "Hjartarson, Johann"]
[Result "1/2-1/2"]
[WhiteElo "2575"]
[BlackElo "2580"]

1.d4 Nf6 2.c4 e6 3.Nf3 b6 4.a3 Bb7 5.Nc3 d5 6.cxd5 Nxd5 7.e3 Be7 8.Bb5+ c6
9.Bd3 O-O 10.e4 Nxc3 11.bxc3 c5 12.O-O cxd4 13.cxd4 Nc6 14.Be3 Rc8 15.Ra2 Na5
16.Bd2 Nc6 17.Be3 Na5 18.Bd2  1/2-1/2

[Event "Manila ol (Men)"]
[Site "Manila"]
[Date "1992.??.??"]
[Round "?"]
[White "Anastasian, Ashot"]
[Black "Gofshtein, Leonid D"]
[Result "1-0"]
[WhiteElo "2490"]
[BlackElo "2485"]

1.d4 Nf6 2.c4 e6 3.Nf3 b6 4.a3 Bb7 5.Nc3 d5 6.Qa4+ c6 7.cxd5 Nxd5 8.Bd2 Be7
9.e4 Nxc3 10.Bxc3 O-O 11.Bd3 c5 12.Rd1 cxd4 13.Bxd4 Qe8 14.Qc2 Qc8 15.Qe2 Nd7
16.Qe3 Nc5 17.Bb1 Ba6 18.h4 Rd8 19.e5 Qc6 20.b4 Qb5 21.bxc5 bxc5 22.Qe4 g6
23.Bc3 Qb3 24.Rc1 Qxa3 25.Qe3 Rd7 26.Ng5 Rad8 27.Ne4 Bd3 28.Bxd3 Rxd3 29.Qf4 c4
30.O-O h6 31.Ba1 Qa4 32.Qxh6  1-0

[Event "Manila ol (Men)"]
[Site "Manila"]
[Date "1992.??.??"]
[Round "?"]
[White "Kaabi, Mejdi"]
[Black "Skembris, Spyridon"]
[Result "0-1"]
[WhiteElo "2310"]
[BlackElo "2530"]

1.d4 Nf6 2.c4 e6 3.Nf3 b6 4.a3 Ba6 5.Qc2 c5 6.d5 exd5 7.cxd5 g6 8.Nc3 Bg7
9.g3 O-O 10.Bg2 d6 11.O-O Nbd7 12.h3 Qe7 13.Re1 Rac8 14.e4 Ne8 15.Bg5 f6
16.Be3 Ne5 17.Rad1 Nc7 18.Nh2 Nb5 19.Nxb5 Bxb5 20.f4 Nf7 21.Nf3 Rfe8 22.Bf2 Qd7
23.Rc1 Rcd8 24.b3 Qc8 25.a4 Bd7 26.Kh2 Re7 27.Qd2 Qb8 28.Re3 Rde8 29.Rce1 a6
30.a5 bxa5 31.Qxa5 Qb5 32.Qa2 a5 33.Nd2 f5 34.exf5 Rxe3 35.Bxe3 gxf5 36.Nc4 Ra8
37.Qc2 Rb8 38.Bd2 Qxb3 39.Qxb3 Rxb3 40.Bxa5 Bb5 41.Rc1 Bd4 42.Bf1 Rf3 43.Bg2 Rf2
44.Bc7 Bxc4 45.Rxc4 Ra2 46.g4 Kf8 47.gxf5 Ke7 48.Kg3 Kd7 49.Bb6 Nh6 50.Be4 Ra6
51.Rxd4 cxd4 52.Bxd4 Ra4 53.Bg7 Rxe4 54.Bxh6 Rd4 55.f6 Ke8 56.Bg5 Kf7 57.Kg4  0-1

[Event "Manila ol (Men)"]
[Site "Manila"]
[Date "1992.??.??"]
[Round "?"]
[White "Roca, Petronio"]
[Black "James, David"]
[Result "1/2-1/2"]
[WhiteElo "2370"]
[BlackElo "2275"]

1.d4 Nf6 2.c4 e6 3.Nf3 b6 4.a3 Ba6 5.Qc2 Bb7 6.Nc3 c5 7.dxc5 bxc5 8.Bf4 Be7
9.e3 Nh5 10.Bg3 d6 11.O-O-O Qb6 12.Bd3 h6 13.Be4 Nxg3 14.Bxb7 Ne2+ 15.Qxe2 Qxb7
16.Nb5 Qb6 17.Qd3 O-O 18.Rd2 Nc6 19.Rc2 Na5 20.Nd2 d5 21.Nc3 dxc4 22.Nxc4 Qa6
23.Ne4 Rab8 24.Ned2 Rfd8 25.Qc3 Nc6 26.Nb1 Bf6 27.Qe1 Nd4 28.exd4 cxd4 29.Qa5 Qb7
30.Nbd2 d3 31.Rc3 Bxc3 32.Qxc3 Qxg2 33.Rf1 Qxh2 34.b3 Rb5 35.a4 Rg5 36.Kb2 Qf4
37.f3 h5 38.Qb4 h4 39.Qe7 Qd4+ 40.Ka3 Rg3 41.Ne4 d2 42.Ncxd2 Rg2 43.Nc4 h3
44.Qc7 Qd7 45.Qxd7 Rxd7 46.Rh1 h2 47.Ne3 Re2 48.Ng4 Rd3 49.Rxh2 Rxh2 50.Nxh2 f5
51.Ng5 e5 52.Nf1 g6 53.Kb2 Kg7 54.Kc2 Rd7 55.Ne6+ Kf6 56.Nc5 Rd4 57.Kc3 g5
58.Ne3 g4 59.fxg4 fxg4 60.Nd3 g3 61.a5  1/2-1/2

[Event "Massy op"]
[Site "Massy"]
[Date "1992.??.??"]
[Round "7"]
[White "Lacrosse, Marc"]
[Black "Komarov, Dimitri"]
[Result "0-1"]
[WhiteElo "2255"]
[BlackElo "2460"]

1.d4 Nf6 2.c4 e6 3.Nf3 b6 4.a3 Ba6 5.Qc2 Bb7 6.Nc3 c5 7.dxc5 bxc5 8.e4 Nc6
9.Bd3 d6 10.O-O Be7 11.h3 O-O 12.Be3 h6 13.Rfd1 Nd7 14.Rab1 a5 15.Be2 Qb8
16.Rd2 Nce5 17.Rbd1 Ba6 18.b3 Ra7 19.Nb5 Nxf3+ 20.gxf3 Rb7 21.Nxd6 Rxb3 22.Bxc5 Ne5
23.f4 Nf3+ 24.Bxf3 Rxf3 25.Be3 Rxh3 26.c5 Qc7 27.Kg2 Rh5 28.c6 Bxd6 29.Rxd6 Qe7
30.Kf3 Rh3+  0-1

[Event "Moscow VDFSO"]
[Site "Moscow"]
[Date "1992.??.??"]
[Round "?"]
[White "Gavrilov, Alexei"]
[Black "Ivanov, V."]
[Result "0-1"]
[WhiteElo "2360"]
[BlackElo "2355"]

1.d4 Nf6 2.Nf3 e6 3.c4 b6 4.a3 Bb7 5.Nc3 g6 6.d5 Bg7 7.g3 O-O 8.Bg2 Na6 9.O-O Nc5
10.Ne1 exd5 11.cxd5 Re8 12.Nd3 Nce4 13.Nxe4 Nxe4 14.Nf4 c5 15.dxc6 dxc6 16.Qc2 c5
17.Rd1 Qf6 18.f3 Nd6 19.Nd5 Bxd5 20.Rxd5 Nb5 21.e4 Rad8 22.Qd3 Nc7 23.Rxd8 Rxd8
24.Qe2 Qd4+ 25.Kf1 Ne6 26.f4 Qd1+ 27.Qe1 Qc2 28.Be3 Bxb2 29.Rb1 Rd3 30.Bg1 Rd2
31.Bf3 Qd3+ 32.Be2 Rxe2  0-1

[Event "Moscow4"]
[Site "Moscow"]
[Date "1992.??.??"]
[Round "?"]
[White "Baikov, Vladimir A"]
[Black "Zaitsev, Igor A"]
[Result "1-0"]
[WhiteElo "2345"]
[BlackElo "2425"]

1.d4 Nf6 2.c4 e6 3.Nf3 b6 4.a3 Bb7 5.Nc3 g6 6.d5 Qe7 7.g3 Bg7 8.Bg2 O-O 9.O-O Qc5
10.Ne5 Nxd5 11.cxd5 Bxe5 12.Be3 Qc4 13.dxe6 Bxg2 14.exf7+ Rxf7 15.Kxg2 Bxc3
16.bxc3 Qe4+ 17.Kg1 Nc6 18.Qd3 Re8 19.Rfd1 Qg4 20.Ra2 Re5 21.Bd4 Rd5 22.f3 Qe6
23.Rad2 Ra5 24.Ra1 Ne5 25.Bxe5 Qxe5 26.Qd4 Qe6 27.Kg2 d6 28.e4 g5 29.c4 Rc5
30.Rc1 h5 31.Qe3 Re7 32.Rd4 Re5 33.Re1 Qg6 34.Kh1 a5 35.Rd5 Rxd5 36.cxd5 Kh7
37.f4 gxf4 38.gxf4 Rg7 39.Rg1 Qxg1+ 40.Qxg1 Rxg1+ 41.Kxg1 b5 42.e5 b4 43.axb4 axb4
44.exd6 b3 45.d7 b2 46.d8=Q b1=Q+ 47.Kf2 Qc2+ 48.Kg3 Qg6+ 49.Kf2 Qc2+ 50.Ke3 Qxh2
51.Qxc7+ Kh6 52.Qc6+ Kg7 53.Qb7+ Kf6 54.Qc6+ Kf7 55.Qe6+ Kf8 56.d6 Qh4 57.Qc8+ Kg7
58.d7  1-0

[Event "Oslo"]
[Site "Oslo"]
[Date "1992.??.??"]
[Round "4"]
[White "Gausel, Einar"]
[Black "Rozentalis, Eduardas"]
[Result "0-1"]
[WhiteElo "2445"]
[BlackElo "2585"]

1.d4 Nf6 2.c4 e6 3.Nf3 b6 4.a3 Bb7 5.Nc3 d5 6.cxd5 exd5 7.Qa4+ c6 8.Bg5 Be7
9.e3 O-O 10.Bd3 Nbd7 11.Ne5 Qc7 12.Nxd7 Qxd7 13.O-O Rfe8 14.Rac1 Qg4 15.Bf4 c5
16.Be5 c4 17.Be2 Qe6 18.f4 Bc6 19.Qc2 b5 20.Rf3 a5 21.Rh3 h6 22.Rg3 b4 23.Nb1 Bf8
24.f5 Qe7 25.Rf1 Qd8 26.Nd2 Bd6 27.Nf3 Rc8 28.axb4 axb4 29.Qc1 Kf8 30.Qe1 b3
31.Kh1 Ra8 32.Rxg7 Kxg7 33.Qg3+ Kh7 34.Qh4 Ne4 35.Qh5 Ra7 36.g4 Rg8 37.f6 Rg6
38.g5 Nxg5 39.Nh4 Bxe5 40.dxe5 d4+  0-1

[Event "Oslo"]
[Site "Oslo"]
[Date "1992.??.??"]
[Round "6"]
[White "Greenfeld, Alon"]
[Black "Rozentalis, Eduardas"]
[Result "0-1"]
[WhiteElo "2520"]
[BlackElo "2585"]

1.d4 Nf6 2.c4 e6 3.Nf3 b6 4.a3 Bb7 5.Nc3 d5 6.cxd5 exd5 7.Qa4+ c6 8.Bg5 Be7
9.e3 O-O 10.Bd3 Nbd7 11.Ne5 Qc7 12.f4 Nxe5 13.fxe5 Ng4 14.Bf4 f6 15.h3 Nf2
16.Kxf2 fxe5 17.dxe5 g5 18.Kg3 gxf4+ 19.exf4 c5 20.Qc2 c4 21.Bxh7+ Kh8 22.Rae1 d4
23.Nb5 Qc6 24.Be4 Qh6 25.Rhf1 d3 26.Qxc4 Qh4+ 27.Kh2 Rxf4 28.Qxd3 Bxe4 29.Qe3 Bg5  0-1

[Event "RUS-chT"]
[Site "Podolsk"]
[Date "1992.??.??"]
[Round "?"]
[White "Kulikov, Oleg"]
[Black "Dragomarezkij, Evgeni"]
[Result "1/2-1/2"]
[WhiteElo "2335"]
[BlackElo "2435"]

1.d4 Nf6 2.c4 e6 3.Nf3 b6 4.a3 Bb7 5.Nc3 d5 6.cxd5 exd5 7.g3 Be7 8.Bg2 O-O
9.O-O c5 10.Qc2 Na6 11.Rd1 Nc7 12.Bf4 Ne6 13.Be5 Qd7 14.Rac1 Rfd8 15.dxc5 bxc5
16.Bxf6 Bxf6 17.Qf5 Rab8 18.Ne5 Bxe5 19.Qxe5 d4 20.Bxb7 Qxb7 21.Na4 Rd5 22.Qe4 Qd7
23.Rc4 Re8 24.Qd3 Rd8 25.b3 h5 26.Nb2 Rb8 27.b4 a5 28.Qd2 cxb4 29.axb4 Qb5
30.Qd3 axb4 31.Rdc1 Nc5 32.Qf3 Rbd8 33.Nd3 Na6 34.Nf4 Rc5 35.Rxc5 Nxc5 36.Qxh5 Rc8
37.Qg4 Rc6 38.Nd5 Qb7 39.Qxd4 b3 40.Rb1 Ne6 41.Qd2  1/2-1/2

[Event "Rubinstein mem"]
[Site "Polanica Zdroj"]
[Date "1992.??.??"]
[Round "5"]
[White "Cebalo, Miso"]
[Black "Romanishin, Oleg M"]
[Result "0-1"]
[WhiteElo "2500"]
[BlackElo "2555"]

1.Nf3 Nf6 2.c4 e6 3.d4 b6 4.a3 Bb7 5.Nc3 g6 6.Bf4 Bg7 7.h3 O-O 8.e3 d6 9.Be2 Nbd7
10.O-O Ne4 11.Nxe4 Bxe4 12.Rc1 e5 13.dxe5 Nxe5 14.b4 Qe7 15.Nd4 a6 16.Qb3 c5
17.Nf3 a5 18.bxc5 bxc5 19.Bxe5 dxe5 20.Nd2 Rfb8 21.Qa4 Bf5 22.Rfd1 Bd7 23.Qc2 Qe8
24.Qe4 Ba4 25.Re1 Rb2 26.Nb1 Bc6 27.Qh4 e4 28.Nc3 Bxc3 29.Rxc3 Qd8 30.Qxd8+ Rxd8
31.f4 exf3 32.gxf3 Rdd2 33.Kf2 f5 34.Rcc1 Ba4 35.h4 Kf7 36.f4 Kf6 37.Kf3 Bc2
38.Kg3 Rb3 39.Bf3 Rxa3 40.Ra1 Rdd3 41.Rxa3 Rxa3 42.Re2 Be4 43.Kf2 a4 44.Rd2 Rd3
45.Rb2 Rb3 46.Rd2 Rb6 47.Ra2 Bxf3 48.Kxf3 Rb4 49.Rd2 Ke7 50.h5 gxh5 51.Rh2 a3
52.Rxh5 Ra4 53.Rxh7+ Kd6 54.Rh1 Rxc4 55.Rh6+ Kc7 56.Ra6 Rc3 57.Ke2 Kb7 58.Ra4 Kc6
59.Kd2 Rb3 60.Ra8 Kb5 61.Ra7 Kb4 62.Ra8 Rb2+ 63.Kc1 Re2 64.Kb1 Rxe3 65.Rb8+ Kc4
66.Rf8  0-1

[Event "Ponferrada op"]
[Site "Ponferrada"]
[Date "1992.??.??"]
[Round "?"]
[White "Bellon Lopez, Juan Manuel"]
[Black "Garcia Padron, Jose"]
[Result "1/2-1/2"]
[WhiteElo "2435"]
[BlackElo "2435"]

1.d4 e6 2.c4 Nf6 3.Nf3 b6 4.a3 Bb7 5.Nc3 d5 6.cxd5 Nxd5 7.Bd2 Be7 8.Qc2 O-O
9.e4 Nxc3 10.Bxc3 c5 11.dxc5 bxc5 12.Rd1 Qb6 13.Ne5 Rd8 14.Rxd8+ Qxd8 15.Bb5 Qc7
16.O-O Nc6 17.Nxc6 Bxc6 18.Bxc6 Qxc6 19.Rd1 Rd8 20.Rxd8+ Bxd8 21.b3 Be7 22.Qd3 h6
23.a4 Qb7 24.Bb2 Bf8 25.Kf1 Qb8 26.g3 Qb7 27.f3 Be7 28.Qb5 Qc8 29.Be5 Bf8
30.Ke2 f6 31.Bf4 g5 32.Be3 a6 33.Qc4 Qc6 34.a5 Qd6 35.Qd3 Qc6 36.Qc4 Qd6
37.f4 gxf4 38.gxf4 Kg7 39.Bd2 Be7 40.Kd1 f5 41.Kc2 fxe4 42.Qxe4 Qd5 43.Qe2 Qc6
44.f5 Bg5 45.Bxg5 hxg5 46.Qxe6 Qg2+ 47.Kc3 Qxh2 48.Qe7+ Kh6 49.Qf8+ Kh7 50.Qf7+ Kh8
51.Qe8+ Kg7 52.Qg6+ Kh8 53.Qf6+ Kh7 54.Qe7+ Kh6 55.f6 Qg3+ 56.Kb2 Qf2+ 57.Ka3 Qd4
58.Qg7+ Kh5 59.Qf7+ Kh6 60.Qg7+ Kh5 61.Qf7+ Kh6  1/2-1/2

[Event "POR-ch"]
[Site "?"]
[Date "1992.??.??"]
[Round "6"]
[White "Silva, Fernando"]
[Black "Damaso, Rui"]
[Result "1/2-1/2"]
[WhiteElo "2260"]
[BlackElo "2450"]

1.d4 Nf6 2.Nf3 e6 3.c4 b6 4.a3 Ba6 5.e3 d5 6.Nbd2 Be7 7.Qa4+ c6 8.cxd5 Bxf1
9.Nxf1 Qxd5 10.Ng3 h5 11.Ne2 O-O 12.O-O Nbd7 13.Nc3 Qd6 14.e4  1/2-1/2